• 首页
  • 本馆介绍
  • 公告通知
  • 最新文献
  • 馆藏检索
  • 电子资源
  • 读者导购
  • 参考咨询
  • 我的图书馆
  • 登录
  • 详细信息显示
  • 放入我的书架
  • 预约/预借图书
  • 作者相关作品
  • 分类相关作品
  • 丛书相关作品
  • 出版社相关作品

书目信息

  • 表格格式
  • 工作单格式
  • 卡片格式
题名:
现代汉语辅导
    
 
作者: 邢福义 主编
分册:  
出版信息: 北京   高等教育出版社  1993.11
页数: 350页
开本: 20cm
丛书名:
单 册:
中图分类: H109.4
科图分类: 41.2044
主题词: 汉语--现代--自学参考资料
电子资源:
ISBN: 7-04-004404-8
000 00703nam0 2200241 45
001 0194004458
005 20070613094444.96
010    @a7-04-004404-8@dCNY11.60
100    @a19940128d1993 em y0chiy0121 ea
101 0  @achi
102    @aCN@b110000
105    @ay z 000yy
200 10 @a现代汉语辅导@AXIAN DAI HAN YU FU DAO@f邢福义主编@FXING FU YI ZHU BIAN
210    @a北京@c高等教育出版社@d1993.11@h2001
215    @a350页@d20cm
330    @a包括:语音、文字、词汇、语法、修辞5章。
540 1  @a汉语@AHAN YU
606    @a汉语@z现代@x自学参考资料
690    @aH109.4@v三版
692    @a41.2044
701  0 @a邢福义@AXING FU YI@4主编
801  0 @aCN@bTSSF@c20070613
905    @a10447@dH109.4@e60
    
    现代汉语辅导/邢福义主编.-北京:高等教育出版社,1993.11(2001)
    350页;20cm
    
    
    ISBN 7-04-004404-8:CNY11.60
    包括:语音、文字、词汇、语法、修辞5章。
●
相关链接 在E读中查询图书 在五车中查询图书 在当当中查询图书 在豆瓣中查询图书


正题名:现代汉语辅导     索取号:H109.4/60         预约/预借

序号 登录号 条形码 馆藏地/架位号 状态 备注
1 0635696   206356968   第二样本阅览室/ [索取号:H109.4/60] 在馆    
唐山师范学院图书馆 欢迎您!
大连网信软件有限公司© 版权所有